| Tag |
First Indicator |
Second Indicator |
Subfields |
| LEADER |
00000cam a2200000 a 4500 |
| 001 |
in00002786052 |
| 006 |
m o d |
| 007 |
cr cn||||||||| |
| 008 |
111216s2012 enkab ob 001 0 eng d |
| 005 |
20250816205031.7 |
| 010 |
|
|
|z 2011049737
|
| 020 |
|
|
|z 9781107012691 (hardback)
|
| 020 |
|
|
|z 9781139572590 (e-book)
|
| 035 |
|
|
|a (CaPaEBR)ebr10614485
|
| 040 |
|
|
|a CaPaEBR
|c CaPaEBR
|d UtOrBLW
|
| 050 |
1 |
4 |
|a GV573
|b .C57 2012eb
|
| 082 |
0 |
4 |
|a 306.4/83
|2 23
|
| 100 |
1 |
|
|a Christesen, Paul,
|d 1966-
|
| 245 |
1 |
0 |
|a Sport and democracy in the ancient and modern worlds /
|c Paul Christesen.
|
| 264 |
|
1 |
|a Cambridge ;
|a New York :
|b Cambridge University Press,
|c 2012.
|
| 300 |
|
|
|a 1 online resource (xvii, 309 pages) :
|b illustrations, maps.
|
| 336 |
|
|
|a text
|b txt
|2 rdacontent
|
| 337 |
|
|
|a computer
|b c
|2 rdamedia
|
| 338 |
|
|
|a online resource
|b cr
|2 rdacarrier
|
| 490 |
0 |
|
|a Sport and democracy in the ancient and modern worlds
|
| 504 |
|
|
|a Includes bibliographical references and index.
|
| 505 |
8 |
|
|a Machine generated contents note: Preface; 1. Introduction; 2. Key terms and concepts; 3. Previous work positing a causal relationship between sport and democratization; 4. Congruence between society and sport; 5. Sport as a school for democracy; 6. Sport as an impediment to democratization; 7. Studying the cumulative effect of horizontal mass sport on democratization; 8. Sport and society in early iron-age Greece; 9. Sport and society in sixth- and fifth-century BCE Greece; 10. Sport and democratization in sixth- and fifth-century BCE Greece; 11. Sport and society in Britain from 1800 to 1840; 12. Sport and society in Britain from 1840 to 1870; 13. A quick trip to the continent: sport in nineteenth- and early twentieth-century Germany; 14. Sport and society in Britain from 1870 to 1900; 15. Sport and democratization in nineteenth-century Britain; 16. Mass sport in the United States; 17. Conclusion.
|
| 520 |
|
|
|a "This book explores the relationship between sport and democratization using sociological and historical methodologies and case studies of ancient Greece and nineteenth-century Britain"--
|c Provided by publisher.
|
| 500 |
|
|
|a Electronic resource.
|
| 650 |
|
0 |
|a Sports
|x History.
|
| 650 |
|
0 |
|a Sports
|x Sociological aspects.
|
| 655 |
|
7 |
|a Electronic books.
|2 local
|
| 710 |
2 |
|
|a ebrary, Inc.
|
| 856 |
4 |
0 |
|u https://ebookcentral.proquest.com/lib/tamucs/detail.action?docID=1025032
|y Connect to the full text of this electronic book
|t 0
|
| 980 |
|
|
|a 121120
|b 99
|c USD
|e 99
|f YBP_EBR0000047227
|g 1
|
| 999 |
f |
f |
|s 236b6960-111e-346a-bd08-4a48cce99b1a
|i 9bd3e49f-4e54-367b-9f24-784bbb1c7be8
|t 0
|
| 999 |
|
|
|a MARS
|
| 952 |
f |
f |
|a Texas A&M University
|b College Station
|c Electronic Resources
|d Available Online
|t 0
|e GV573 .C57 2012eb
|h Library of Congress classification
|
| 998 |
f |
f |
|a GV573 .C57 2012eb
|t 0
|l Available Online
|